000 00655nam a2200241Ia 4500
003 OSt
005 20220925212552.0
006 a|||||r|||| 00| 0
007 ta
008 220923b |||||||| |||| 00| 0 eng d
037 _cGeneral Book
040 _aRTL
_cRTL
_beng
041 _2eng
_aeng
082 _aXM8:75, M0
100 _aArgenti John
_9277009
245 0 _aPractical corporate planning
260 _aLondon
_bAllen and Unwin
_c1980
300 _a221p
_ccm.
500 _aBibliogrphy p 218; Appendix p 205-17
650 _aMultinational
942 _hXM8:75, M0
_cGB
_2CC
999 _c560665
_d560665